Winning at collaboration commerce : the next competitive advantage

Collaboration is critical to knowledge worker performance. The authors go well beyond the previous injunctions to "play nice together," and identify ways to improve processes and make money

Sparad:
Bibliografiska uppgifter
Huvudupphovsman: Collins, Heidi
Materialtyp: Bok
Språk:Undetermined
Publicerad: Amsterdam Elsevier Butterworth-Heinemann 2006
Ämnen:
Taggar: Lägg till en tagg
Inga taggar, Lägg till första taggen!
Thư viện lưu trữ: Trung tâm Học liệu Trường Đại học Cần Thơ
LEADER 00943nam a2200217Ia 4500
001 CTU_138440
008 210402s9999 xx 000 0 und d
020 |c 45.95 
082 |a 658 
082 |b C712 
100 |a Collins, Heidi 
245 0 |a Winning at collaboration commerce : 
245 4 |b the next competitive advantage 
245 0 |c Heidi Collins, Cindy Gordon, José Cláudio Terra 
260 |a Amsterdam 
260 |b Elsevier Butterworth-Heinemann 
260 |c 2006 
520 |a Collaboration is critical to knowledge worker performance. The authors go well beyond the previous injunctions to "play nice together," and identify ways to improve processes and make money 
650 |a Strategic planning,Organizational change,Management,Quản lý,Thay đổi tổ chức,Lập kế hoạch chiến lược 
904 |i Nguyễn Hữu Lộc 
980 |a Trung tâm Học liệu Trường Đại học Cần Thơ